000 00559nam a2200217Ia 4500
003 OSt
005 20220928135320.0
006 a|||||r|||| 00| 0
007 ta
008 220927b |||||||| |||| 00| 0 eng d
024 _a1027
037 _cTextual
040 _aSDCL
_cSDCL
_beng
041 _2eng
_aeng
082 _aO:g, 152K7
100 _aPatel Ishwarbhai J
_9489637
245 0 _aSahitya-samiksha
_b Mulyankan aur shodh
260 _c1967
942 _hO:g, 152K7
_cTEXL
_2CC
999 _c804925
_d804925